000
00308nam a22001097a 4500
008
140218t xxu||||| |||| 00| 0 eng d
020
_a
0-939791-71-4
110
_a
Teachers of English to speakers of other languages, Inc.
_9
744
245
_a
ESL Standards for pre-k-12 students
300
_a
166
942
_2
ddc
_c
BK
999
_c
17001
_d
17001